000 00555nam a2200169Ia 4500
003 IN-BaIIA
005 20250703112432.0
008 211028s9999 xx 000 0 eng d
040 _cIIA Library
080 _a550.38
_bGUL
100 _aGulatee, B L
_93135
245 0 _aCharts of declination, horizontal force and vertical force
_cB L Gulatee
260 _aIndia, The Surveyor General
_bThe Surveyor General
_c1954
300 _aiv,35p
650 _aAstronomy and Astrophysics Thesaurus
942 _cBK
_2ddc
999 _c1559
_d1559